[Event "Chania Theodorakis Memorial 1st"]
[Site "Chania"]
[Date "2022.04.29"]
[Round "7"]
[White "Apostolou, Nikolaos"]
[Black "Poysti, Nathanael Nicolai"]
[Result "0-1"]
[WhiteElo "1636"]
[BlackElo "2190"]
[PlyCount "82"]
[EventDate "2022.04.25"]
[EventType "swiss"]
[EventRounds "9"]
[EventCountry "GRE"]
[SourceTitle "CBM 208 Extra"]
[Source "ChessBase"]
[SourceDate "2022.07.31"]
[SourceVersion "1"]
[SourceVersionDate "2022.07.31"]
[SourceQuality "1"]

1. c4 c5 2. Nc3 Nc6 3. g3 g6 4. Bg2 Bg7 5. e3 e5 6. Nge2 Nge7 7. 0-0 d6 8. f4 0-0 9. d3 Rb8 10. Ne4 f5 11. N4c3 a6 12. a3 Be6 13. Nd5 b5 14. Nec3 bxc4 15. dxc4 e4 16. Qa4 Bxd5 17. Nxd5 Nxd5 18. Qxc6 Nb6 19. Rd1 Rf6 20. Bd2 Qe7 21. b4 Rff8 22. bxc5 dxc5 23. Rab1 Rfc8 24. Rxb6 Rxc6 25. Rxb8+ Kf7 26. Ba5 Rd6 27. Rdb1 Bf6 28. Bf1 Kg7 29. Be2 Kh6 30. R1b7 Qe6 31. Ra8 Rd7 32. Rb6 Rd6 33. Rb7 g5 34. Raa7 Qg8 35. Kf2 gxf4 36. exf4 e3+ 37. Kxe3 Bd4+ 38. Kf3 Qg4+ 39. Kg2 Qxe2+ 40. Kh3 Qf1+ 41. Kh4 Bf6# 0-1

[Event "Nikaia op 28th"]
[Site "Nikaia"]
[Date "2021.08.27"]
[Round "7"]
[White "Apostolou, Nikolaos"]
[Black "Tsouptsis, Sotirios"]
[Result "0-1"]
[WhiteElo "1695"]
[BlackElo "1875"]
[PlyCount "74"]
[EventDate "2021.08.21"]
[EventType "swiss"]
[EventRounds "7"]
[EventCountry "GRE"]
[SourceTitle "CBM 204 Extra"]
[Source "ChessBase"]
[SourceDate "2021.11.30"]
[SourceVersion "1"]
[SourceVersionDate "2021.11.30"]
[SourceQuality "1"]

1. c4 g6 2. Nc3 Bg7 3. g3 Nf6 4. Bg2 c6 5. Nf3 0-0 6. 0-0 d5 7. cxd5 cxd5 8. d4 Nbd7 9. Qb3 Nb6 10. Ne5 Be6 11. a4 a5 12. Be3 Ne8 13. Nd3 Nc4 14. Nxd5 Bxd5 15. Bxd5 Qxd5 16. Nf4 Qc6 17. Rac1 Ned6 18. Nd3 Qb6 19. Qxb6 Nxb6 20. b3 Nd5 21. Rc5 Nxe3 22. fxe3 Nf5 23. Kf2 Bh6 24. Nf4 Rfc8 25. Rfc1 Nd6 26. Kf3 Bxf4 27. exf4 b6 28. Rc7 Kf8 29. e4 Rxc7 30. Rxc7 Rc8 31. Rxc8+ Nxc8 32. e5 e6 33. Ke4 Ne7 34. Kd3 Ke8 35. g4 Kd7 36. h4 Kc6 37. Ke4 h5 0-1

[Event "GRE-chT Online Rapid op 1st"]
[Site "Tornelo INT"]
[Date "2021.02.21"]
[Round "5.31"]
[White "Apostolou, Nikolaos"]
[Black "Kalamoukos, Grigorios"]
[Result "1-0"]
[WhiteElo "1695"]
[BlackElo "1651"]
[PlyCount "103"]
[EventDate "2021.02.20"]
[EventType "team-swiss (rapid)"]
[EventRounds "9"]
[EventCountry "GRE"]
[SourceTitle "EXT 2023"]
[Source "ChessBase"]
[SourceDate "2022.10.05"]
[SourceVersion "1"]
[SourceVersionDate "2022.10.05"]
[SourceQuality "1"]

1. d4 d5 2. c4 e6 3. Nc3 Be7 4. Nf3 Nf6 5. Bf4 0-0 6. e3 a6 7. c5 b6 8. b4 Bb7 9. h3 Nbd7 10. Bd3 Ne4 11. Qc2 f5 12. 0-0 bxc5 13. bxc5 Bc6 14. a4 Bg5 15. Nxg5 Nxg5 16. Qe2 e5 17. Bh2 f4 18. exf4 exf4 19. Qg4 Qf6 20. Rad1 f3 21. g3 Rad8 22. h4 Ne6 23. Rfe1 Rde8 24. Nxd5 Bxd5 25. Qh5 h6 26. Qxd5 Re7 27. Re3 Rfe8 28. Rde1 Kh8 29. Bc4 Nf4 30. gxf4 Rxe3 31. Rxe3 Qg6+ 32. Bg3 Rb8 33. Bd3 Qf6 34. Qxd7 Rb3 35. Qf5 Qxf5 36. Bxf5 Rb4 37. d5 g6 38. Be4 Rxa4 39. Bxf3 Kg7 40. Re7+ Kf6 41. Rxc7 g5 42. fxg5+ hxg5 43. hxg5+ Kxg5 44. c6 Rd4 45. d6 a5 46. Ra7 Rd2 47. c7 a4 48. d7 Rxd7 49. Ra5+ Kg6 50. c8Q a3 51. Qxd7 a2 52. Qc6+ 1-0

[Event "GRE-chT Online Rapid op 1st"]
[Site "Tornelo INT"]
[Date "2021.02.21"]
[Round "9.32"]
[White "Apostolou, Nikolaos"]
[Black "Papadakis, Aggelos"]
[Result "1-0"]
[WhiteElo "1695"]
[BlackElo "1096"]
[PlyCount "65"]
[EventDate "2021.02.20"]
[EventType "team-swiss (rapid)"]
[EventRounds "9"]
[EventCountry "GRE"]
[SourceTitle "EXT 2023"]
[Source "ChessBase"]
[SourceDate "2022.10.05"]
[SourceVersion "1"]
[SourceVersionDate "2022.10.05"]
[SourceQuality "1"]

1. g4 e5 2. Bg2 Nf6 3. g5 Nh5 4. h4 c6 5. c4 Nf4 6. Bf3 d5 7. cxd5 cxd5 8. d3 Qa5+ 9. Bd2 Bb4 10. Bxb4 Qxb4+ 11. Qd2 Qxb2 12. Qxb2 Nc6 13. Nc3 d4 14. Nd5 Nxd5 15. Bxd5 Bg4 16. Nf3 0-0 17. Bxc6 bxc6 18. Nxe5 Bh5 19. f3 c5 20. Kf2 Rfe8 21. Ng4 Rad8 22. Qb5 Rc8 23. Rac1 Bxg4 24. fxg4 Re5 25. Rc2 f6 26. gxf6 gxf6 27. Rhc1 Rce8 28. Qxe8+ Rxe8 29. Rxc5 Kg7 30. Rc7+ Kg6 31. Rxa7 f5 32. Rc6+ Re6 33. Rxe6# 1-0

[Event "GRE-chT Online Rapid op 1st"]
[Site "Tornelo INT"]
[Date "2021.02.21"]
[Round "8.32"]
[White "Karakolidis, Panagiotis"]
[Black "Apostolou, Nikolaos"]
[Result "1-0"]
[WhiteElo "1538"]
[BlackElo "1695"]
[PlyCount "23"]
[EventDate "2021.02.20"]
[EventType "team-swiss (rapid)"]
[EventRounds "9"]
[EventCountry "GRE"]
[SourceTitle "EXT 2023"]
[Source "ChessBase"]
[SourceDate "2022.10.05"]
[SourceVersion "1"]
[SourceVersionDate "2022.10.05"]
[SourceQuality "1"]

1. d4 Nf6 2. c4 g6 3. Nc3 d5 4. Bg5 Ne4 5. Nxe4 dxe4 6. e3 Bg7 7. Qc2 c5 8. Qxe4 cxd4 9. exd4 Nc6 10. Nf3 Nxd4 11. Nxd4 Qxd4 12. Qxe7# 1-0

[Event "GRE-chT Online Rapid op 1st"]
[Site "Tornelo INT"]
[Date "2021.02.20"]
[Round "4.33"]
[White "Apostolidis, Athanasios"]
[Black "Apostolou, Nikolaos"]
[Result "1-0"]
[WhiteElo "1114"]
[BlackElo "1695"]
[PlyCount "101"]
[EventDate "2021.02.20"]
[EventType "team-swiss (rapid)"]
[EventRounds "9"]
[EventCountry "GRE"]
[SourceTitle "EXT 2023"]
[Source "ChessBase"]
[SourceDate "2022.10.05"]
[SourceVersion "1"]
[SourceVersionDate "2022.10.05"]
[SourceQuality "1"]

1. e4 a6 2. Nf3 b5 3. a3 c5 4. d4 cxd4 5. Nxd4 Bb7 6. Bd3 g6 7. 0-0 Bg7 8. Nb3 d6 9. c3 Nf6 10. f3 Qb6+ 11. Kh1 0-0 12. Qe2 Nbd7 13. Be3 Qc7 14. N1d2 Nc5 15. Nxc5 dxc5 16. c4 b4 17. axb4 cxb4 18. Ra4 a5 19. b3 Nd7 20. Qf2 Bc6 21. Ra2 Qd6 22. Bc2 Bc3 23. Rd1 Qf6 24. Nb1 Be5 25. Bd4 h5 26. Bxe5 Nxe5 27. Qc5 h4 28. Rxa5 Nd7 29. Qxb4 h3 30. Rxa8 hxg2+ 31. Kxg2 Bxa8 32. Rxd7 Qg5+ 33. Kf2 Qh4+ 34. Ke3 Qh6+ 35. Kd3 Qh3 36. Qxe7 Qxf3+ 37. Kd2 Qf4+ 38. Kc3 Qxh2 39. Rd8 Qh8+ 40. e5 Kg7 41. Qxf8+ Qxf8 42. Rxf8 Kxf8 43. Kd4 Ke7 44. Be4 Bxe4 45. Kxe4 Ke6 46. c5 Kd7 47. b4 Kc6 48. Nd2 Kb5 49. Nf3 Kc6 50. Ng5 f5+ 51. exf6 1-0

[Event "Nikaia op-B 20th"]
[Site "Nikaia"]
[Date "2012.08.29"]
[Round "5.4"]
[White "Apostolou, Nikolaos"]
[Black "Fakoudis, Ioannis"]
[Result "0-1"]
[WhiteElo "1632"]
[BlackElo "1793"]
[PlyCount "78"]
[EventDate "2012.08.26"]
[EventType "swiss"]
[EventRounds "9"]
[EventCountry "GRE"]
[SourceTitle "EXT 2024"]
[Source "ChessBase"]
[SourceDate "2023.10.10"]
[SourceVersion "1"]
[SourceVersionDate "2023.10.10"]
[SourceQuality "1"]

1. d4 d5 2. c4 e6 3. Nc3 c6 4. Nf3 dxc4 5. a4 Bb4 6. e3 b5 7. axb5 cxb5 8. Bd2 Qb6 9. b3 Bxc3 10. Bxc3 b4 11. Bd2 c3 12. Bc1 Nf6 13. Ne5 Nc6 14. Nc4 Qc7 15. Be2 0-0 16. Bf3 Rd8 17. Qe2 Bb7 18. 0-0 Nd5 19. h4 a5 20. h5 Nb6 21. Nxb6 Qxb6 22. Bxc6 Qxc6 23. Qg4 Qe4 24. Qh3 Bd5 25. f3 Qf5 26. Qh4 Qf6 27. Qg3 Bxb3 28. e4 Qxd4+ 29. Kh2 a4 30. h6 Ra5 31. e5 Qxe5 32. Bf4 Qh5+ 33. Kg1 Qg6 34. Qh4 f6 35. Bc7 Rd2 36. Rf2 Rxf2 37. Kxf2 Rd5 38. Qxb4 Rd2+ 39. Kg1 Qxg2# 0-1